header

Advanced Galileo and GPS receiver techniques (Record no. 68848)

MARC details
000 -LEADER
fixed length control field 01419nam a2200349Ia 4500
082 04 - DEWEY DECIMAL CLASSIFICATION NUMBER
Classification number 621.384/191
100 1# - MAIN ENTRY--AUTHOR NAME
Personal name Schmid, Andreas,
245 10 - TITLE STATEMENT
Title Advanced Galileo and GPS receiver techniques
260 ## - PUBLICATION, DISTRIBUTION, ETC. (IMPRINT)
Place of publication New York :
Name of publisher Nova Science Publishers,
Year of publication c2009.
300 ## - PHYSICAL DESCRIPTION
Number of Pages vii, 235 p. :
Other physical details ill.
490 0# - SERIES STATEMENT
Series statement Electrical engineering developments series
650 #0 - SUBJECT ADDED ENTRY--TOPICAL TERM
Topical Term GPS receivers.
Topical Term Global Positioning System.
Topical Term Galileo satellite navigation system.
856 40 - ELECTRONIC LOCATION AND ACCESS
Uniform Resource Identifier http://site.ebrary.com/lib/rucke/Doc?id=10662912

No items available.

© 2026 Rongo University
Contact us: librarian | system librarian | Rongo university